[Event "XVI Open"]
[Site "Crema ITA"]
[Date "2015.09.05"]
[Round "3"]
[White "Piccirillo, Edoardo"]
[Black "Persico, Lorenzo"]
[WhiteElo "2061"]
[BlackElo "1443"]
[Result "1-0"]
[PlyCount "57"]
[EventDate "2015.09.04"]

1. e4 e5 2. Nf3 Nc6 3. Bb5 a6 4. Ba4 Nf6 5. d3 Be7 6. Bxc6 dxc6 7. Nxe5 O-O 8.
O-O Bd6 9. Nf3 h6 10. e5 Be7 11. exf6 Bxf6 12. h3 Bd7 13. Nc3 h5 14. Ne4 Be7
15. Ne5 h4 16. Qh5 f6 17. Nxd7 Qxd7 18. Qxh4 f5 19. Ng5 Bxg5 20. Bxg5 Qd5 21.
Rfe1 Rfe8 22. Qc4 Qxc4 23. dxc4 Rf8 24. Re7 Rac8 25. Rd1 Rf7 26. Rdd7 Rxe7 27.
Rxe7 Rd8 28. Rxg7+ Kxg7 29. Bxd8 1-0

[Event "XVI Open"]
[Site "Crema ITA"]
[Date "2015.09.05"]
[Round "3"]
[White "Pinna, Ferdinando"]
[Black "Migliorini, Matteo"]
[WhiteElo "1862"]
[BlackElo "2182"]
[Result "0-1"]
[PlyCount "64"]
[EventDate "2015.09.04"]

1. d4 Nf6 2. c4 g6 3. Nc3 d5 4. cxd5 Nxd5 5. e4 Nxc3 6. bxc3 Bg7 7. Bc4 c5 8.
Ne2 Nc6 9. Be3 O-O 10. O-O Na5 11. Bd3 b6 12. Rc1 e5 13. dxe5 Bxe5 14. Bf4 Qe7
15. Bxe5 Qxe5 16. Qd2 Rd8 17. Qe3 Be6 18. c4 Nc6 19. a3 Qd6 20. Nf4 Qd4 21.
Nxe6 Qxe3 22. fxe3 fxe6 23. Be2 Ne5 24. Rcd1 Kg7 25. h4 Rf8 26. Kh2 Rad8 27.
Rxf8 Rxd1 28. Re8 Kf7 29. Rxe6 Kxe6 30. Bxd1 Nxc4 31. Bb3 b5 32. Kg3 Ke5 0-1

[Event "XVI Open"]
[Site "Crema ITA"]
[Date "2015.09.05"]
[Round "3"]
[White "Pisani, Valerio"]
[Black "Ventura, Franco"]
[WhiteElo "1739"]
[BlackElo "2088"]
[Result "1/2-1/2"]
[PlyCount "62"]
[EventDate "2015.09.04"]

1. e4 d6 2. d4 Nf6 3. Nc3 g6 4. Nf3 Bg7 5. h3 c5 6. d5 O-O 7. Bd3 Na6 8. a3 Nc7
9. Bd2 b5 10. O-O Rb8 11. Re1 e6 12. dxe6 Bxe6 13. e5 dxe5 14. Nxe5 Bd5 15. Bf4
Ba8 16. Ng4 Nxg4 17. Qxg4 b4 18. axb4 Rxb4 19. Qg3 Ne6 20. Be5 Bxe5 21. Qxe5
Qd4 22. Rxa7 Qxe5 23. Rxe5 Rxb2 24. Ne4 Bxe4 25. Bxe4 Rb1+ 26. Kh2 Re1 27. f3
Rd8 28. Rd5 Kg7 29. Rxd8 Nxd8 30. Bd5 Ne6 31. Bxe6 Rxe6 1/2-1/2

[Event "XVI Open"]
[Site "Crema ITA"]
[Date "2015.09.05"]
[Round "3"]
[White "Popovich, Fabio"]
[Black "Casartelli, Fabio"]
[WhiteElo "2018"]
[BlackElo "1816"]
[Result "1-0"]
[PlyCount "85"]
[EventDate "2015.09.04"]

1. c4 c5 2. g3 Nc6 3. Bg2 Nf6 4. Nf3 e6 5. Nc3 Be7 6. O-O O-O 7. d4 cxd4 8.
Nxd4 d5 9. cxd5 Nxd5 10. Nxd5 exd5 11. Be3 Be6 12. Rc1 Rc8 13. Qa4 Nxd4 14.
Bxd4 a6 15. Rfd1 Bd7 16. Qb3 Rxc1 17. Rxc1 Bc6 18. Bb6 Qd7 19. Rd1 Qe6 20. e3
Ba4 21. Qxa4 Qxb6 22. b3 Qc6 23. Qxc6 bxc6 24. Rc1 c5 25. Bxd5 Rd8 26. e4 Kf8
27. Rc4 f5 28. f3 fxe4 29. fxe4 Bf6 30. Ra4 Rd6 31. Kg2 Bc3 32. Rc4 Bd4 33. b4
Rf6 34. bxc5 Rf2+ 35. Kh3 Be5 36. c6 Bc7 37. e5 Ke7 38. Rf4 Rd2 39. Rf7+ Kd8
40. Rd7+ Kc8 41. e6 h5 42. e7 Re2 43. Bf7 1-0

[Event "XVI Open"]
[Site "Crema ITA"]
[Date "2015.09.05"]
[Round "3"]
[White "Pricop, Alexandru"]
[Black "Folcini, Gaddo"]
[WhiteElo "1479"]
[BlackElo "1585"]
[Result "0-1"]
[PlyCount "64"]
[EventDate "2015.09.04"]

1. d4 e5 2. c3 e4 3. Bf4 d5 4. e3 Bd6 5. Bxd6 Qxd6 6. c4 c6 7. Nc3 Nf6 8. f3
Bf5 9. Qb3 O-O 10. Qxb7 Nbd7 11. cxd5 Nxd5 12. Nxd5 cxd5 13. fxe4 dxe4 14. Rd1
Rab8 15. Qxa7 Qb4+ 16. Rd2 Rbc8 17. Be2 Ra8 18. a3 Qb3 19. Qxa8 Rxa8 20. Bd1
Qxe3+ 21. Re2 Qxd4 22. Rd2 Qe3+ 23. Re2 Qb6 24. Rf2 Qa5+ 25. Kf1 e3 26. Rf3 Bg4
27. Rxe3 Bxd1 28. Nh3 Qd2 29. Re1 Ra6 30. Nf2 Rf6 31. Re8+ Nf8 32. Rxf8+ Kxf8
0-1

[Event "XVI Open"]
[Site "Crema ITA"]
[Date "2015.09.05"]
[Round "3"]
[White "Pricop, Mihail"]
[Black "Raimondi, Celso"]
[WhiteElo "1440"]
[BlackElo "1609"]
[Result "1-0"]
[PlyCount "75"]
[EventDate "2015.09.04"]

1. d4 d5 2. c4 c6 3. Nc3 Nf6 4. Nf3 e6 5. Bg5 Be7 6. e3 O-O 7. cxd5 exd5 8. Qc2
h6 9. h4 Bg4 10. Ne5 Nbd7 11. f3 Be6 12. Bd3 c5 13. g4 c4 14. Bf5 Bxf5 15. Qxf5
Nxe5 16. dxe5 g6 17. Qc2 hxg5 18. exf6 Bxf6 19. hxg5 Bxc3+ 20. Qxc3 f6 21. Rd1
Qd6 22. Kf2 b5 23. Qd4 Rad8 24. e4 Qb6 25. Qxb6 axb6 26. Rxd5 Rxd5 27. exd5
fxg5 28. Re1 b4 29. Re6 Rd8 30. Rxb6 Rxd5 31. Rxb4 Rd4 32. Ke3 Rd3+ 33. Ke4 Rd2
34. Rxc4 Rxb2 35. a4 Rb6 36. a5 Ra6 37. Rc5 Re6+ 38. Re5 1-0

[Event "XVI Open"]
[Site "Crema ITA"]
[Date "2015.09.05"]
[Round "3"]
[White "Ranfagni, Stefano"]
[Black "Bini, Massimo"]
[WhiteElo "1941"]
[BlackElo "1988"]
[Result "1-0"]
[PlyCount "103"]
[EventDate "2015.09.04"]

1. c4 c6 2. g3 d5 3. b3 Bf5 4. Nc3 e6 5. Bg2 Nf6 6. Nf3 h6 7. O-O Be7 8. Bb2
O-O 9. d3 Bh7 10. Rc1 a5 11. cxd5 exd5 12. Re1 Nbd7 13. e4 Nc5 14. Qc2 dxe4 15.
dxe4 Qd3 16. Ne5 Qxc2 17. Rxc2 Ne6 18. Rd2 Rfd8 19. Red1 Rxd2 20. Rxd2 Rd8 21.
Rxd8+ Bxd8 22. f3 Nc5 23. Bf1 Nfd7 24. Nxd7 Nxd7 25. Ne2 Bf6 26. Bxf6 Nxf6 27.
Bh3 Ne8 28. Kf2 Kf8 29. Ke3 Ke7 30. Nd4 Kd6 31. Bc8 Kc7 32. Bf5 Bxf5 33. Nxf5
b6 34. f4 Kd7 35. e5 h5 36. Ke4 g6 37. Nh6 Ke6 38. f5+ gxf5+ 39. Nxf5 c5 40. a4
f6 41. exf6 Nxf6+ 42. Kf4 Kd5 43. h3 b5 44. axb5 Ke6 45. Ne3 Nd5+ 46. Nxd5 Kxd5
47. g4 c4 48. bxc4+ Kc5 49. Ke3 a4 50. Kd3 hxg4 51. hxg4 Kb4 52. b6 1-0

[Event "XVI Open"]
[Site "Crema ITA"]
[Date "2015.09.05"]
[Round "3"]
[White "Riboldi, Raffaele"]
[Black "De Palma, Fabrizio"]
[WhiteElo "1839"]
[BlackElo "2076"]
[Result "0-1"]
[PlyCount "64"]
[EventDate "2015.09.04"]

1. d4 Nf6 2. c4 e6 3. Nc3 Bb4 4. a3 Bxc3+ 5. bxc3 c5 6. e3 O-O 7. Bd3 Nc6 8.
Ne2 b6 9. e4 Ba6 10. O-O Ne8 11. f4 f5 12. exf5 exf5 13. Ng3 g6 14. Be3 d6 15.
Re1 Nf6 16. h3 Na5 17. Qe2 Qd7 18. a4 Rae8 19. Qa2 Re7 20. Bd2 Rfe8 21. Rxe7
Rxe7 22. Kf2 Qe8 23. Bf1 Qf7 24. d5 Ne4+ 25. Nxe4 Rxe4 26. Re1 Qe7 27. Bd3 Rxe1
28. Bxe1 Qh4+ 29. g3 Qxh3 30. Kg1 Qg4 31. Be2 Qh3 32. Bf1 Qxf1+ 0-1

[Event "XVI Open"]
[Site "Crema ITA"]
[Date "2015.09.05"]
[Round "3"]
[White "Romito, Donato"]
[Black "Righini, Giovanni"]
[WhiteElo "1691"]
[BlackElo "1891"]
[Result "0-1"]
[PlyCount "76"]
[EventDate "2015.09.04"]

1. d4 Nf6 2. Nf3 g6 3. Bg5 Bg7 4. e3 O-O 5. Bd3 d5 6. Nbd2 c5 7. c3 cxd4 8.
exd4 Nc6 9. O-O a6 10. Qe2 Re8 11. Rae1 Qd6 12. Ne5 Nh5 13. f4 Nxe5 14. fxe5
Qe6 15. c4 Qb6 16. Qf2 Be6 17. cxd5 Bxd5 18. g4 f6 19. Be3 fxe5 20. dxe5 Qe6
21. Qh4 Qxe5 22. gxh5 Bf6 23. Rxf6 exf6 24. hxg6 hxg6 25. Bxg6 Re7 26. Bf2 Qg5+
27. Qxg5 Rxe1+ 28. Bxe1 fxg5 29. b3 Kg7 30. Bh5 Rc8 31. Bf3 Bxf3 32. Nxf3 Rc1
33. Kf1 Kf6 34. Nd4 Rb1 35. Nc2 Kf5 36. Nd4+ Ke4 37. Ne2 Kd3 38. a4 Rb2 0-1

[Event "XVI Open"]
[Site "Crema ITA"]
[Date "2015.09.05"]
[Round "3"]
[White "Rossini, Fulvio"]
[Black "Grillo, Francesco"]
[WhiteElo "1964"]
[BlackElo "1806"]
[Result "1-0"]
[PlyCount "57"]
[EventDate "2015.09.04"]

1. e4 Nf6 2. Nc3 d5 3. e5 Ne4 4. d4 Nxc3 5. bxc3 Bf5 6. h4 h6 7. g4 Bh7 8. e6
fxe6 9. Bd3 g6 10. Rb1 b6 11. Nf3 Bg7 12. Bf4 O-O 13. Qd2 Nd7 14. Ne5 Nxe5 15.
dxe5 Rf7 16. Bxh6 Bxe5 17. h5 Rf6 18. f4 Bd6 19. hxg6 Bxg6 20. f5 Bg3+ 21. Kd1
Qd6 22. fxg6 Rf2 23. Qe3 d4 24. Qxd4 Qxd4 25. cxd4 Rd8 26. Be3 Rf3 27. Ke2 Rdf8
28. Be4 R3f6 29. g5 1-0

[Event "XVI Open"]
[Site "Crema ITA"]
[Date "2015.09.05"]
[Round "3"]
[White "Rotoni, Matteo"]
[Black "Bongiorni, Gabriele"]
[WhiteElo "2088"]
[BlackElo "1817"]
[Result "1-0"]
[PlyCount "68"]
[EventDate "2015.09.04"]

1. e4 c5 2. c3 d5 3. exd5 Qxd5 4. Na3 Nf6 5. Nf3 Nc6 6. Bc4 Qd8 7. d4 e6 8. Bf4
a6 9. Nc2 b5 10. Be2 Bb7 11. O-O Bd6 12. Bxd6 Qxd6 13. dxc5 Qxc5 14. Ne3 O-O
15. a4 Rfd8 16. Qb3 Nd5 17. Nxd5 Qxd5 18. Qxd5 Rxd5 19. axb5 axb5 20. Rxa8+
Bxa8 21. Ra1 Bb7 22. Kf1 g6 23. h4 h6 24. b4 Kf8 25. Ne1 Ne5 26. Nc2 Nc4 27.
Nd4 Nd2+ 28. Ke1 Ne4 29. Nxb5 Bc6 30. c4 Rd8 31. Na7 Bb7 32. c5 Nc3 33. c6 Ba8
34. c7 Re8 1-0

[Event "XVI Open"]
[Site "Crema ITA"]
[Date "2015.09.05"]
[Round "3"]
[White "Scarabelli, Maurizio"]
[Black "Maffeis, Fabio"]
[WhiteElo "1739"]
[BlackElo "1594"]
[Result "1/2-1/2"]
[PlyCount "116"]
[EventDate "2015.09.04"]

1. e4 d5 2. exd5 Qxd5 3. Nc3 Qa5 4. d4 Nf6 5. Nf3 c6 6. Bc4 Bf5 7. Bd2 Qc7 8.
Ne5 e6 9. g4 Bg6 10. h4 Bd6 11. Bf4 b5 12. Nxb5 cxb5 13. Bxb5+ Nfd7 14. Qe2 a6
15. Bxd7+ Nxd7 16. h5 Qb7 17. O-O Be4 18. f3 Bc6 19. Nxf7 Kxf7 20. Bxd6 Rhe8
21. c4 Rad8 22. g5 Nb6 23. Be5 Nxc4 24. Qxc4 Bb5 25. Qb3 Rd7 26. Rf2 Rc8 27. a4
Bc6 28. Qd3 Kg8 29. Qe3 Bd5 30. Ra3 Rc6 31. h6 g6 32. Bf6 Rdc7 33. Rc3 Rxc3 34.
bxc3 Qb3 35. Qf4 Qxc3 36. Qd6 Rc8 37. Qxa6 Qc6 38. Qa7 Qc7 39. Qxc7 Rxc7 40.
Rb2 Rb7 41. Rxb7 Bxb7 42. f4 Kf7 43. Kf2 Ke8 44. Ke3 Kd7 45. Kd3 Kc7 46. Kc4
Kc6 47. Kb4 Kb6 48. Bd8+ Kc6 49. Be7 Kb6 50. Bc5+ Kc6 51. Kc4 Ba6+ 52. Kb4 Bb7
53. Ba7 Bc8 54. Kc3 Ba6 55. Kd2 Kd5 56. Ke3 Bb7 57. Bb8 Bc6 58. a5 Bb5 1/2-1/2

[Event "XVI Open"]
[Site "Crema ITA"]
[Date "2015.09.05"]
[Round "3"]
[White "Swannie, Douglas"]
[Black "Lima, Francesco"]
[WhiteElo "1872"]
[BlackElo "1651"]
[Result "1-0"]
[PlyCount "87"]
[EventDate "2015.09.04"]

1. Nf3 b6 2. g3 Bb7 3. Bg2 Nf6 4. O-O e6 5. c4 c5 6. Nc3 Be7 7. d4 cxd4 8. Qxd4
Nc6 9. Qd3 O-O 10. a3 Rc8 11. b4 d5 12. cxd5 exd5 13. Rd1 a5 14. b5 Na7 15. Be3
Bc5 16. a4 Qc7 17. Rac1 Rfd8 18. Bh3 Rb8 19. Bf4 Qe7 20. Bxb8 Rxb8 21. e3 Rd8
22. Nd4 h6 23. Bg2 Qe5 24. Nce2 Ne4 25. Nc6 Bxc6 26. Bxe4 Bb7 27. Bg2 Nc8 28.
Nd4 Ne7 29. Nb3 Bb4 30. Qd4 Qb8 31. Qxb6 Rd6 32. Qc7 Nc6 33. Rxc6 Rd8 34. Qxb8
Rxb8 35. Rc7 Bd6 36. Rd7 Bb4 37. Bxd5 Bc8 38. Rxf7 Kh7 39. Bc6 Be6 40. Rdd7
Bxb3 41. Rxg7+ Kh8 42. Rh7+ Kg8 43. Rxh6 Bxa4 44. Bd5+ 1-0

[Event "XVI Open"]
[Site "Crema ITA"]
[Date "2015.09.05"]
[Round "3"]
[White "Tedoldi, Guido"]
[Black "Piana, Bruno"]
[WhiteElo "1512"]
[BlackElo "1410"]
[Result "0-1"]
[PlyCount "86"]
[EventDate "2015.09.04"]

1. c4 e5 2. g3 Nc6 3. Bg2 Nf6 4. Nc3 Bb4 5. e4 O-O 6. a3 Bxc3 7. bxc3 Re8 8.
Ne2 d6 9. O-O Be6 10. d3 a5 11. h3 Qc8 12. f4 Bxh3 13. f5 Bg4 14. Bg5 Qd8 15.
Bf3 Bxf3 16. Rxf3 Nb8 17. Kg2 Nbd7 18. Qh1 Ra6 19. Rb1 Rb6 20. Rb5 Rxb5 21.
cxb5 c6 22. c4 cxb5 23. cxb5 Qc8 24. Qc1 Qxc1 25. Nxc1 Rc8 26. Rf2 Rc3 27. a4
b6 28. Kf3 Nc5 29. Be3 Nxa4 30. Ra2 Nc5 31. Ke2 Ncd7 32. Bd2 Rc8 33. Nb3 Nc5
34. Rc2 Nfd7 35. d4 exd4 36. Nxd4 a4 37. Bf4 Ne5 38. Bd2 h6 39. Bf4 a3 40. Bxe5
dxe5 41. Nc6 Ra8 42. Ra2 Nxe4 43. Nxe5 Nc3+ 0-1

[Event "XVI Open"]
[Site "Crema ITA"]
[Date "2015.09.05"]
[Round "3"]
[White "Trifoni, Giorgio"]
[Black "Colombo, Luca"]
[WhiteElo "1644"]
[BlackElo "1836"]
[Result "0-1"]
[PlyCount "70"]
[EventDate "2015.09.04"]

1. c4 e5 2. g3 Nc6 3. Bg2 g6 4. d3 Bg7 5. Nc3 d6 6. e4 Be6 7. Be3 Nge7 8. Nf3
h6 9. Nd5 Qd7 10. O-O O-O 11. Qd2 g5 12. h4 f6 13. b4 Nd8 14. c5 Nxd5 15. exd5
Bxd5 16. d4 Qf5 17. Nh2 Bxg2 18. Kxg2 exd4 19. Bxd4 gxh4 20. g4 Qd5+ 21. Nf3
Ne6 22. Be3 Qxd2 23. Bxd2 f5 24. Rae1 fxg4 25. Nxh4 Nf4+ 26. Kg3 Be5 27. Bxf4
Rxf4 28. Ng6 Rxb4+ 29. Nxe5 dxe5 30. Rxe5 Rf8 31. Kh4 Kg7 32. Kh5 Rbf4 33. Rg1
R4f5+ 34. Rxf5 Rxf5+ 35. Kxg4 Rg5+ 0-1

[Event "XVI Open"]
[Site "Crema ITA"]
[Date "2015.09.05"]
[Round "3"]
[White "Ventura, Salvatore"]
[Black "Lazic, Miroljub"]
[WhiteElo "2083"]
[BlackElo "2466"]
[Result "0-1"]
[PlyCount "64"]
[EventDate "2015.09.04"]

1. c4 e5 2. g3 Nc6 3. Nc3 g6 4. Bg2 Bg7 5. e4 d6 6. Nge2 f5 7. d3 Nf6 8. O-O
O-O 9. Nd5 Be6 10. Bg5 Qd7 11. Qd2 Nh5 12. Be3 Rf7 13. exf5 Bxf5 14. f3 Bh3 15.
Rae1 Bxg2 16. Kxg2 Raf8 17. b4 a6 18. Bh6 Bxh6 19. Qxh6 Ng7 20. Qd2 Nf5 21. Ng1
Ncd4 22. f4 c6 23. Nb6 Qd8 24. c5 exf4 25. Rxf4 d5 26. Qb2 Qf6 27. Kh1 g5 28.
Rff1 Qh6 29. Qg2 Nxg3+ 30. Qxg3 Rxf1 31. Rxf1 Rxf1 32. Kg2 Rf3 0-1

[Event "XVI Open"]
[Site "Crema ITA"]
[Date "2015.09.05"]
[Round "4"]
[White "Acunzo, Domenico"]
[Black "Persico, Lorenzo"]
[WhiteElo "1696"]
[BlackElo "1443"]
[Result "1-0"]
[PlyCount "49"]
[EventDate "2015.09.04"]

1. e4 e5 2. f4 d6 3. Nf3 Nc6 4. fxe5 dxe5 5. Bc4 Bg4 6. O-O Bc5+ 7. Kh1 Nge7 8.
Bxf7+ Kd7 9. h3 Rf8 10. Bd5 Bxf3 11. Rxf3 Nxd5 12. exd5 Nd4 13. Rxf8 Qxf8 14.
c3 Nf5 15. d4 exd4 16. Bf4 dxc3 17. Nxc3 Re8 18. Nb5 Nd6 19. Bxd6 cxd6 20. Qg4+
Kd8 21. Rc1 a6 22. Nd4 Bxd4 23. Qc8+ Ke7 24. Qe6+ Kd8 25. Rc8# 1-0

[Event "XVI Open"]
[Site "Crema ITA"]
[Date "2015.09.05"]
[Round "4"]
[White "Bini, Massimo"]
[Black "Colonetti, Fabio"]
[WhiteElo "1988"]
[BlackElo "1712"]
[Result "1-0"]
[PlyCount "43"]
[EventDate "2015.09.04"]

1. d4 d5 2. Bf4 e6 3. e3 c6 4. Nd2 Nf6 5. Bd3 Be7 6. Ngf3 Nbd7 7. c3 O-O 8. Ne5
Nxe5 9. dxe5 Nd7 10. h4 Re8 11. Nf3 h6 12. g4 Nc5 13. Bc2 b6 14. g5 Bf8 15.
gxh6 gxh6 16. Rg1+ Kh8 17. Ng5 Qe7 18. Qh5 Bg7 19. Nxf7+ Kg8 20. Rxg7+ Kxg7 21.
Qg6+ Kf8 22. Bxh6# 1-0

[Event "XVI Open"]
[Site "Crema ITA"]
[Date "2015.09.05"]
[Round "4"]
[White "Bongiorni, Gabriele"]
[Black "Maffeis, Fabio"]
[WhiteElo "1817"]
[BlackElo "1594"]
[Result "1/2-1/2"]
[PlyCount "85"]
[EventDate "2015.09.04"]

1. c4 e5 2. g3 Nf6 3. Nc3 c6 4. Bg2 d5 5. cxd5 cxd5 6. d4 exd4 7. Qxd4 Nc6 8.
Qd1 Be6 9. Bg5 Bb4 10. e3 O-O 11. Nge2 h6 12. Bxf6 Qxf6 13. O-O Rad8 14. Rc1 d4
15. exd4 Nxd4 16. Nxd4 Rxd4 17. Qf3 Qxf3 18. Bxf3 b6 19. a3 Be7 20. Rfd1 Rfd8
21. Rxd4 Rxd4 22. Rd1 Rxd1+ 23. Bxd1 Bf6 24. Kf1 Bxc3 25. bxc3 Kf8 26. Ke1 Ke7
27. Kd2 Kd6 28. Kd3 Kc5 29. Ba4 Bf5+ 30. Kd2 Kc4 31. f4 f6 32. h4 g5 33. hxg5
fxg5 34. fxg5 hxg5 35. Bd1 Kb5 36. Kc1 Ka5 37. Kb2 Bd7 38. c4 Be6 39. Kc3 Bd7
40. Bc2 Bc6 41. Bd1 Ka6 42. Kb4 Kb7 43. c5 1/2-1/2

[Event "XVI Open"]
[Site "Crema ITA"]
[Date "2015.09.05"]
[Round "4"]
[White "Bonoldi, Fabio"]
[Black "Popovich, Fabio"]
[WhiteElo "1788"]
[BlackElo "2018"]
[Result "1/2-1/2"]
[PlyCount "101"]
[EventDate "2015.09.04"]

1. c4 Nf6 2. g3 g6 3. Bg2 Bg7 4. Nc3 O-O 5. d3 d6 6. e4 c5 7. Nge2 Nc6 8. O-O
a6 9. h3 Rb8 10. a4 Ne8 11. Be3 Nc7 12. Rb1 Ne6 13. Qd2 Ned4 14. f4 Bd7 15. Kh2
b5 16. axb5 axb5 17. Bxd4 Nxd4 18. Nxd4 Bxd4 19. Ne2 Bg7 20. b4 bxc4 21. bxc5
dxc5 22. dxc4 Be6 23. Qc2 Qa5 24. f5 Bd7 25. Nf4 Bc6 26. Nd5 Bxd5 27. exd5 Be5
28. Be4 Kg7 29. Kg2 Qc7 30. g4 Rxb1 31. Rxb1 Rb8 32. Rxb8 Qxb8 33. fxg6 hxg6
34. Qe2 Qd6 35. Bd3 Qf6 36. Qf3 Qh4 37. Kf1 Qg5 38. Kg2 Qd2+ 39. Be2 Bd4 40.
Kh1 Qe1+ 41. Qf1 Qg3 42. Qg2 Qe3 43. Qf1 Be5 44. Qf3 Qd4 45. Kg2 Bd6 46. Kf1
Bh2 47. Qf2 Qa1+ 48. Kg2 Be5 49. Qf1 Qc3 50. Qf3 Qe1 51. Qf2 1/2-1/2

[Event "XVI Open"]
[Site "Crema ITA"]
[Date "2015.09.05"]
[Round "4"]
[White "Brugo, Marco"]
[Black "Migliorini, Matteo"]
[WhiteElo "2114"]
[BlackElo "2182"]
[Result "0-1"]
[PlyCount "70"]
[EventDate "2015.09.04"]

1. d4 Nf6 2. c4 g6 3. Nc3 d5 4. cxd5 Nxd5 5. e4 Nxc3 6. bxc3 Bg7 7. Bc4 c5 8.
Ne2 Nc6 9. Be3 O-O 10. O-O Na5 11. Bd3 b6 12. Rc1 e5 13. dxc5 Be6 14. cxb6 axb6
15. c4 f5 16. Qc2 f4 17. Bd2 f3 18. Ng3 Nc6 19. Bc3 h5 20. gxf3 h4 21. Nf5 gxf5
22. exf5 Qg5+ 23. Kh1 Bxf5 24. Rg1 Qf4 25. Be4 Bxe4 26. Qxe4 Qxe4 27. fxe4 Rxf2
28. Rg6 Rf6 29. Rcg1 Rxg6 30. Rxg6 Nd4 31. Rxb6 Rxa2 32. Rb2 Ra3 33. Rb8+ Kh7
34. Bb4 Ra2 35. Bf8 Nf3 0-1

[Event "XVI Open"]
[Site "Crema ITA"]
[Date "2015.09.05"]
[Round "4"]
[White "Casartelli, Fabio"]
[Black "Biava, Pierluigi"]
[WhiteElo "1816"]
[BlackElo "1572"]
[Result "0-1"]
[PlyCount "126"]
[EventDate "2015.09.04"]

1. d4 e6 2. Nf3 f5 3. Nc3 Nf6 4. Bf4 c6 5. e3 Qa5 6. Nd2 d5 7. a3 Be7 8. Be2
O-O 9. O-O Nbd7 10. b4 Qd8 11. Nb3 Qe8 12. Re1 Qg6 13. Bf3 h6 14. Nc5 Nxc5 15.
dxc5 Qh7 16. h3 g5 17. Be5 Nd7 18. Bh2 Bf6 19. Qd2 Qg7 20. Nxd5 exd5 21. Bxd5+
cxd5 22. Qxd5+ Rf7 23. Rad1 Nf8 24. c6 bxc6 25. Qxc6 Bb7 26. Qc4 Rc8 27. Qb3
Be4 28. c4 Be5 29. c5 Bxh2+ 30. Kxh2 Qe5+ 31. Kg1 Qe6 32. Qa4 Qc6 33. Qb3 Qb5
34. Rd6 Rc6 35. a4 Qb7 36. Red1 Rxc5 37. Rxh6 Bd5 38. Qb2 Rh7 39. Qf6 Rxh6 40.
Qxh6 Rc7 41. e4 Bxe4 42. Rd8 Rc1+ 43. Kh2 Qc7+ 44. Qd6 Qxd6+ 45. Rxd6 Rc6 46.
Rd8 Kf7 47. f3 Bc2 48. b5 Rc7 49. a5 f4 50. Rd5 Ne6 51. g3 Bb3 52. Rd3 Rc2+ 53.
Kg1 Bc4 54. Rd7+ Kf6 55. gxf4 Nxf4 56. b6 axb6 57. axb6 Nxh3+ 58. Kh1 Nf2+ 59.
Kg1 Be6 60. b7 Nh3+ 61. Kh1 Rb2 62. Rh7 Nf4 63. Kg1 Bd5 0-1

[Event "XVI Open"]
[Site "Crema ITA"]
[Date "2015.09.05"]
[Round "4"]
[White "Cassi, Elisa"]
[Black "Raimondi, Celso"]
[WhiteElo "1495"]
[BlackElo "1609"]
[Result "1/2-1/2"]
[PlyCount "83"]
[EventDate "2015.09.04"]

1. e4 c5 2. Nf3 e6 3. Nc3 a6 4. a4 Nc6 5. Bc4 Qc7 6. O-O Nf6 7. d3 Be7 8. Be3
Ng4 9. h3 Nxe3 10. fxe3 O-O 11. d4 cxd4 12. exd4 Qb6 13. Rb1 Bf6 14. Ne2 d6 15.
Kh1 Qc7 16. Bd3 b6 17. c3 Bb7 18. Qe1 e5 19. d5 Ne7 20. Qg3 Ng6 21. Ng5 Bxg5
22. Qxg5 Qe7 23. Qe3 Qh4 24. Ng3 Bc8 25. Nf5 Bxf5 26. Rxf5 Nf4 27. Rd1 g6 28.
Rxf4 Qxf4 29. Qxb6 Qf6 30. Bxa6 Qe7 31. Bb5 Rfb8 32. Qc6 Rc8 33. Qb6 Rab8 34.
Qa6 f5 35. exf5 gxf5 36. Bc6 Qc7 37. b4 Rb6 38. Qd3 f4 39. Qf5 Rd8 40. Qg5+ Kh8
41. Qf6+ Kg8 42. Qg5+ 1/2-1/2

[Event "XVI Open"]
[Site "Crema ITA"]
[Date "2015.09.05"]
[Round "4"]
[White "Colombo, Luca"]
[Black "Ventura, Salvatore"]
[WhiteElo "1836"]
[BlackElo "2083"]
[Result "0-1"]
[PlyCount "132"]
[EventDate "2015.09.04"]

1. e4 c5 2. Nc3 Nc6 3. g3 g6 4. d3 Bg7 5. Be3 d6 6. Bg2 e5 7. Qd2 Nd4 8. Nce2
Ne7 9. c3 Ne6 10. f4 O-O 11. Nf3 f5 12. O-O Rb8 13. fxe5 dxe5 14. Rad1 Qc7 15.
Bh6 b6 16. Bxg7 Kxg7 17. exf5 Nxf5 18. g4 Nh6 19. h3 Ba6 20. Rfe1 Nf7 21. Qe3
Rbe8 22. Qf2 e4 23. dxe4 Nfg5 24. Qe3 Bxe2 25. Rxe2 Rxf3 26. Bxf3 Qg3+ 27. Bg2
Nxh3+ 28. Kh1 Qxe3 29. Rd7+ Kg8 30. Rxe3 Nf2+ 31. Kg1 Nxg4 32. Rh3 h5 33. Rxa7
Nf4 34. Rf3 Rxe4 35. Bf1 g5 36. Rd7 Ne5 37. Rd8+ Kg7 38. Rf2 h4 39. Rd1 g4 40.
Bg2 Ne2+ 41. Kf1 Ng3+ 42. Kg1 Re3 43. Bb7 h3 44. b4 Ne2+ 45. Kf1 Nxc3 46. Rd8
g3 47. Rff8 g2+ 48. Bxg2 hxg2+ 49. Kxg2 cxb4 50. Rg8+ Kf7 51. Rgf8+ Ke6 52.
Rfe8+ Kf5 53. Ra8 Re2+ 54. Kg3 Rxa2 55. Rf8+ Ke6 56. Rad8 Ne4+ 57. Kh3 Ng5+ 58.
Kg3 b3 59. Rfe8+ Kf5 60. Rf8+ Ngf7 61. Rd5 Ra5 62. Rxf7+ Ke4 63. Rxe5+ Rxe5 64.
Rf4+ Kd3 65. Rb4 Kc2 66. Kf4 Re1 0-1

[Event "XVI Open"]
[Site "Crema ITA"]
[Date "2015.09.05"]
[Round "4"]
[White "Cremonese, Giuseppina"]
[Black "Tedoldi, Guido"]
[WhiteElo "1437"]
[BlackElo "1512"]
[Result "0-1"]
[PlyCount "86"]
[EventDate "2015.09.04"]

1. e4 c5 2. Nf3 Nc6 3. Nc3 e5 4. Bb5 d6 5. O-O Nge7 6. d3 a6 7. Ba4 b5 8. Bb3
g6 9. Bg5 Bg7 10. Nd5 O-O 11. Qd2 Ra7 12. Nf6+ Kh8 13. Ng4 Bxg4 14. Ne1 Qd7 15.
f3 Nd4 16. fxg4 Nxb3 17. axb3 Qxg4 18. h3 Qe6 19. c4 Nc6 20. Nc2 b4 21. Rf2 a5
22. Raf1 f6 23. Bh4 g5 24. Bg3 Bh6 25. Ne1 Nd4 26. Bh2 Raf7 27. Qe3 Nxb3 28.
Qf3 Nd4 29. Qh5 Bg7 30. h4 gxh4 31. Qxh4 Qe7 32. Bg3 a4 33. Qh5 Ne6 34. Bh4 Nf4
35. Qg4 Rg8 36. Nc2 Nxd3 37. Ne3 Nxf2 38. Kxf2 Bh6 39. Nf5 Rxg4 40. Nxe7 Rxe7
41. Bxf6+ Reg7 42. Ra1 Rf4+ 43. Ke3 Rxf6+ 0-1

[Event "XVI Open"]
[Site "Crema ITA"]
[Date "2015.09.05"]
[Round "4"]
[White "De Palma, Fabrizio"]
[Black "Pisani, Valerio"]
[WhiteElo "2076"]
[BlackElo "1739"]
[Result "1-0"]
[PlyCount "55"]
[EventDate "2015.09.04"]

1. d4 Nf6 2. c4 g6 3. Nc3 Bg7 4. e4 d6 5. Nf3 e6 6. Be2 Nc6 7. O-O O-O 8. Rb1
a5 9. a3 e5 10. d5 Ne7 11. Nd2 g5 12. b4 axb4 13. axb4 Ng6 14. c5 Nf4 15. Nc4
Ne8 16. Bg4 Bxg4 17. Qxg4 h5 18. Qd1 g4 19. Ne3 Bh8 20. f3 gxf3 21. Rxf3 Ng7
22. Rg3 Kh7 23. Nf5 h4 24. Rg4 Nxf5 25. exf5 Qf6 26. Ne4 Qxf5 27. Bxf4 exf4 28.
Rg5 1-0

[Event "XVI Open"]
[Site "Crema ITA"]
[Date "2015.09.05"]
[Round "4"]
[White "Distratis, Gianluca"]
[Black "Guanciale, Orazio"]
[WhiteElo "1955"]
[BlackElo "2172"]
[Result "0-1"]
[PlyCount "126"]
[EventDate "2015.09.04"]

1. e4 d6 2. d4 Nf6 3. Nc3 g6 4. Bg5 Bg7 5. Qd2 h6 6. Bf4 g5 7. Bg3 Nh5 8. Nge2
Nc6 9. O-O-O Bd7 10. Kb1 e6 11. d5 Ne7 12. dxe6 Bxe6 13. Nd4 Qd7 14. Bb5 c6 15.
Be2 Nxg3 16. hxg3 O-O-O 17. f4 d5 18. e5 Bg4 19. Qe3 Kb8 20. fxg5 hxg5 21. Qxg5
Bxe2 22. Qxg7 Rhg8 23. Qxf7 Bxd1 24. Nxd1 Rdf8 25. Qh5 Nf5 26. e6 Nxg3 27. exd7
Nxh5 28. Rxh5 Rf1 29. Kc1 Rf7 30. g4 Kc7 31. Ne3 Kxd7 32. Kd2 Re8 33. Rh6 Rf2+
34. Kd3 c5 35. Ndf5 d4 36. Nd5 Re6 37. Rh7+ Kc6 38. Nde7+ Kb5 39. b3 Ree2 40.
a4+ Ka6 41. Rh6+ Ka5 42. g5 Rd2+ 43. Ke4 Rde2+ 44. Kd3 Rd2+ 45. Ke4 Rfe2+ 46.
Kd5 Rxc2 47. g6 d3 48. Rh3 d2 49. Rd3 Rc3 50. Rxd2 Rxd2+ 51. Ke5 Rxb3 52. Kf6
Rg2 53. g7 Rxg7 54. Kxg7 Kxa4 55. Kf6 Rd3 56. Ke5 Kb3 57. Nd5 a5 58. Nd6 Rxd5+
59. Kxd5 b6 60. Nc4 a4 61. Nxb6 a3 62. Nc4 a2 63. Nd2+ Kc2 0-1